000 00882nam a2200241 a 4500
001 BRL_52
005 20190320210552.0
008 821213s1950----mx-#######---#000-0#spa-#
041 _aspa
044 _amx
050 4 _aPC4111
_b.G37 1950
100 1 _aGarza de del Castillo, Ofelia
_922772
245 1 0 _aGuía de estudio de la lengua española
_bpara uso de los alumnos de las escuelas de segunda enseñanza : segundo año
_ceditores Ofelia Garza Nuncio de del Castillo y José Salustio del Castillo Hernández.
250 _a8
260 _aMéxico
_bAldina, Rosell y Sordo Noriega
_c1950
300 _ax, 222 p.
_c18 cm.
500 _aEstado físico: Encuadernación deteriorada
500 _aAu99
650 1 4 _aIdioma español
_vGuías
_xComposición y ejercicios
_922773
700 1 _aCastillo Hernández, José Salustio del
_eed.
_922774
902 _aGRL
942 _2lcc
_cB
999 _c8865
_d8865